<?xml version="1.0" encoding="UTF-8"?><?xml-stylesheet type="text/xsl" href="static/style.xsl"?><OAI-PMH xmlns="http://www.openarchives.org/OAI/2.0/" xmlns:xsi="http://www.w3.org/2001/XMLSchema-instance" xsi:schemaLocation="http://www.openarchives.org/OAI/2.0/ http://www.openarchives.org/OAI/2.0/OAI-PMH.xsd"><responseDate>2026-04-13T02:50:08Z</responseDate><request verb="GetRecord" identifier="oai:www.recercat.cat:2072/425132" metadataPrefix="marc">https://recercat.cat/oai/request</request><GetRecord><record><header><identifier>oai:recercat.cat:2072/425132</identifier><datestamp>2025-09-09T18:39:07Z</datestamp><setSpec>com_2072_98</setSpec><setSpec>col_2072_378197</setSpec></header><metadata><record xmlns="http://www.loc.gov/MARC21/slim" xmlns:dcterms="http://purl.org/dc/terms/" xmlns:xsi="http://www.w3.org/2001/XMLSchema-instance" xmlns:doc="http://www.lyncode.com/xoai" xsi:schemaLocation="http://www.loc.gov/MARC21/slim http://www.loc.gov/standards/marcxml/schema/MARC21slim.xsd">
   <leader>00925njm 22002777a 4500</leader>
   <datafield ind2=" " ind1=" " tag="042">
      <subfield code="a">dc</subfield>
   </datafield>
   <datafield ind2=" " ind1=" " tag="720">
      <subfield code="a">Sébille, Pascal</subfield>
      <subfield code="e">author</subfield>
   </datafield>
   <datafield ind2=" " ind1=" " tag="260">
      <subfield code="c">2002</subfield>
   </datafield>
   <datafield ind2=" " ind1=" " tag="520">
      <subfield code="a">Le Mexique a vécu au cours de ces cinquante dernières années de nombreuses transformations sociales, économiques et démographiques. Parmi les changements les plus importants, l'urbanisation et la généralisation du processus migratoire ont été les stigmates des fortes mutations des milieux ruraux et urbains. Dans un tel contexte, le présent travail permet d'apporter de nouveaux éléments à l'étude de la dynamique démographique mexicaine et tout particulièrement à celle des processus différenciés de formation de la famille. L'approche biographique que nous proposons nous offre la possibilité d'étudier, au travers des trajectoires migratoires, les premières étapes du processus de constitution familiale et le rôle joué par la migration dans l'élaboration de modèles distincts de première union et de naissance du premier enfant. Au delà de l'histoire migratoire de chacun des individus, des lieux de résidences ruraux ou urbains, le milieu social de la famille d'origine, l'activité économique prédominante dans le ménage parental, mais aussi les parcours éducatifs et professionnels de l'individu, sont parmi les principales variables qui composent le capital culturel qu'il convient d'intégrer à l'étude des comportements individuels de constitution familiale. L'utilisation de données biographiques au travers de l'Enquête Nationale Démographique Rétrospective (EDER 98) nous permet de reconstituer l'histoire de vie de 2344 hommes et femmes depuis la naissance, et ce pour trois groupes de générations représentatifs des changements démographiques du Mexique de ces cinquante dernières années. Si les processus de formation de la famille diffèrent selon l'expérience migratoire vécue par les individus avant leur entrée en union et l'arrivée du premier enfant, nous vérifions l'hypothèse selon laquelle, ce n'est pas tant l'avènement de la migration dans l'histoire de vie des individus qui modifie le processus de constitution familiale, mais bien les caractéristiques sociales et économiques acquises au cours de l'ensemble de l'histoire migratoire qui déterminent les différences de comportements et les changements de calendriers observés dans les premières étapes de la formation familiale.</subfield>
   </datafield>
   <datafield tag="653" ind2=" " ind1=" ">
      <subfield code="a">Mexique</subfield>
   </datafield>
   <datafield tag="653" ind2=" " ind1=" ">
      <subfield code="a">Analyse Démographique des biographies</subfield>
   </datafield>
   <datafield tag="653" ind2=" " ind1=" ">
      <subfield code="a">Constitution familiale</subfield>
   </datafield>
   <datafield tag="653" ind2=" " ind1=" ">
      <subfield code="a">Trajectoires migratoires</subfield>
   </datafield>
   <datafield tag="653" ind2=" " ind1=" ">
      <subfield code="a">Mèxic</subfield>
   </datafield>
   <datafield tag="653" ind2=" " ind1=" ">
      <subfield code="a">Anàlisi demogràfica de les biografies</subfield>
   </datafield>
   <datafield tag="653" ind2=" " ind1=" ">
      <subfield code="a">Constitució familiar</subfield>
   </datafield>
   <datafield tag="653" ind2=" " ind1=" ">
      <subfield code="a">Trajectories migratòries</subfield>
   </datafield>
   <datafield tag="653" ind2=" " ind1=" ">
      <subfield code="a">Méjico</subfield>
   </datafield>
   <datafield tag="653" ind2=" " ind1=" ">
      <subfield code="a">Análisis demográfico de las biografías</subfield>
   </datafield>
   <datafield tag="653" ind2=" " ind1=" ">
      <subfield code="a">Constitución familiar</subfield>
   </datafield>
   <datafield tag="653" ind2=" " ind1=" ">
      <subfield code="a">Trayectorias migratorias</subfield>
   </datafield>
   <datafield tag="653" ind2=" " ind1=" ">
      <subfield code="a">Mexico</subfield>
   </datafield>
   <datafield tag="653" ind2=" " ind1=" ">
      <subfield code="a">Biography demographic analysis</subfield>
   </datafield>
   <datafield tag="653" ind2=" " ind1=" ">
      <subfield code="a">Family formation</subfield>
   </datafield>
   <datafield tag="653" ind2=" " ind1=" ">
      <subfield code="a">Migration history Mexique</subfield>
   </datafield>
   <datafield ind2="0" ind1="0" tag="245">
      <subfield code="a">Changement démographique et social au Mexique du XXème siècle : premières étapes de la vie familiare et trajectoires migratoires</subfield>
   </datafield>
</record></metadata></record></GetRecord></OAI-PMH>